[Event "26th Klatovy B 2018"]
[Site "Klatovy CZE"]
[Date "2018.07.04"]
[Round "5.11"]
[White "Chmelik, Ladislav"]
[Black "Krobot, Jan"]
[Result "1-0"]
[WhiteElo "1761"]
[BlackElo "1680"]
[PlyCount "71"]
[EventDate "2018.06.30"]
[EventType "swiss"]
[EventRounds "9"]
[EventCountry "CZE"]

1. d4 Nf6 2. Nf3 d5 3. c4 e6 4. Bg5 Be7 5. e3 Nbd7 6. Nc3 O-O 7. Bd3 b6 8. O-O Bb7 9. Qc2 c5 10. cxd5 exd5 11. Bf4 h6 12. h3 Re8 13. Nb5 Rf8 14. b3 Ne8 15. Rfe1 a6 16. Nc3 Bd6 17. Ne5 cxd4 18. exd4 Rc8 19. Nxd7 Qxd7 20. Bxd6 Nxd6 21. f3 b5 22. Qd2 Rfe8 23. Rac1 Nf5 24. Qf4 Rxe1+ 25. Rxe1 Nd6 26. Nd1 Re8 27. Ne3 Qe7 28. Re2 g5 29. Qg3 Qf6 30. Qg4 Rc8 31. Re1 Rc3 32. Bb1 Qf4 33. Qxf4 gxf4 34. Nf5 Nxf5 35. Bxf5 Bc8 36. Re8+ 1-0

[Event "26th Klatovy B 2018"]
[Site "Klatovy CZE"]
[Date "2018.07.04"]
[Round "5.12"]
[White "Dvorakova, Olga"]
[Black "Flajsman, Petr"]
[Result "0-1"]
[WhiteElo "1556"]
[BlackElo "1753"]
[PlyCount "114"]
[EventDate "2018.06.30"]
[EventType "swiss"]
[EventRounds "9"]
[EventCountry "CZE"]

1. d4 Nf6 2. c4 e6 3. Nc3 d5 4. Bg5 Be7 5. e3 b6 6. Nf3 Nbd7 7. cxd5 exd5 8. Bd3 Bb7 9. O-O O-O 10. Qc2 h6 11. Bh4 c5 12. Rac1 Rc8 13. Qe2 Re8 14. Bb1 cxd4 15. exd4 a6 16. Qd3 Ne4 17. Bxe7 Rxe7 18. Rfe1 Re6 19. Ne2 g5 20. Rxc8 Qxc8 21. Rc1 Qd8 22. Ng3 b5 23. Nd2 Ndf6 24. Nf5 Nh5 25. Nxe4 dxe4 26. Qe3 Ng7 27. Nxg7 Kxg7 28. Qc3 Rc6 29. Qd2 Rxc1+ 30. Qxc1 Qxd4 31. h3 Bd5 32. a3 Bb3 33. Bxe4 Qxe4 34. Qc3+ Kh7 35. Qxb3 Qe1+ 36. Kh2 Qxf2 37. Qd3+ Kg7 38. Qc3+ Qf6 39. Qc2 h5 40. Qe2 Kh6 41. Qc2 Qd6+ 42. Kh1 Qe6 43. Qc5 f6 44. Qf2 Qc6 45. Qe2 Qc4 46. Qd1 Kg6 47. Qb1+ f5 48. Qd1 Qe6 49. Qc1 g4 50. hxg4 hxg4 51. Qd2 Kh5 52. Qc3 Qd6 53. Qc2 Kh4 54. Qc1 f4 55. Qc2 Qh6 56. Qd3 f3 57. Kg1 Kg3 0-1

[Event "26th Klatovy B 2018"]
[Site "Klatovy CZE"]
[Date "2018.07.04"]
[Round "5.13"]
[White "Jirasek, Jiri"]
[Black "Matejka, Jaromir"]
[Result "1-0"]
[WhiteElo "1903"]
[BlackElo "1570"]
[PlyCount "32"]
[EventDate "2018.06.30"]
[EventType "swiss"]
[EventRounds "9"]
[EventCountry "CZE"]

1. d4 d5 2. c4 c6 3. e3 Bf5 4. Nc3 e6 5. Nf3 h6 6. Bd3 dxc4 7. Bxf5 exf5 8. Ne5 b5 9. Qf3 Ne7 10. Nxb5 Nd5 11. Qxf5 Bb4+ 12. Nc3 O-O 13. Bd2 Bxc3 14. bxc3 Nb6 15. O-O N8d7 16. Nxc6 Qf6 1-0

[Event "26th Klatovy B 2018"]
[Site "Klatovy CZE"]
[Date "2018.07.04"]
[Round "5.14"]
[White "Kohout, Josef 1953"]
[Black "Zimovcak, Zdenek"]
[Result "0-1"]
[WhiteElo "1888"]
[BlackElo "1609"]
[PlyCount "60"]
[EventDate "2018.06.30"]
[EventType "swiss"]
[EventRounds "9"]
[EventCountry "CZE"]

1. Nf3 d5 2. d4 e6 3. g3 Nf6 4. Bg2 Be7 5. O-O O-O 6. Nbd2 c6 7. c4 b6 8. Ne5 Bb7 9. a3 Nbd7 10. Ndf3 Nxe5 11. Nxe5 Nd7 12. Nxd7 Qxd7 13. cxd5 cxd5 14. Bd2 Rac8 15. Bc3 Rc7 16. Rc1 Rfc8 17. e3 Bxa3 18. Qg4 Be7 19. f4 f5 20. Qf3 a5 21. g4 Bb4 22. Rb1 fxg4 23. Qxg4 Bxc3 24. bxc3 b5 25. Bh3 Re8 26. f5 exf5 27. Rxf5 Bc8 28. Rbf1 Qd6 29. Re5 Qxe5 30. Qxc8 Qxe3+ 0-1

[Event "26th Klatovy B 2018"]
[Site "Klatovy CZE"]
[Date "2018.07.04"]
[Round "5.16"]
[White "Vasko, Pavel"]
[Black "Perik, Alois"]
[Result "1/2-1/2"]
[WhiteElo "1610"]
[BlackElo "1832"]
[PlyCount "50"]
[EventDate "2018.06.30"]
[EventType "swiss"]
[EventRounds "9"]
[EventCountry "CZE"]

1. e4 c6 2. d4 d5 3. exd5 cxd5 4. Nf3 Bf5 5. Bd3 Bxd3 6. Qxd3 Nf6 7. O-O e6 8. Ne5 Nbd7 9. Nxd7 Qxd7 10. Bf4 Be7 11. h3 O-O 12. Nd2 h6 13. Nf3 Bd6 14. Be5 Bxe5 15. Nxe5 Qc7 16. Rac1 Rac8 17. f3 Rfd8 18. c3 Nh5 19. Qd2 Ng3 20. Rfe1 Qe7 21. Qf4 Nf5 22. Nd3 Nd6 23. Re2 Qc7 24. Rce1 Qc4 25. Nc1 Qc7 1/2-1/2

[Event "26th Klatovy B 2018"]
[Site "Klatovy CZE"]
[Date "2018.07.04"]
[Round "5.17"]
[White "Vachal, Josef1"]
[Black "Rychtecky, Pavel"]
[Result "1-0"]
[WhiteElo "1829"]
[BlackElo "1547"]
[PlyCount "53"]
[EventDate "2018.06.30"]
[EventType "swiss"]
[EventRounds "9"]
[EventCountry "CZE"]

1. e4 e5 2. Nf3 Nc6 3. d4 exd4 4. Nxd4 Bc5 5. Be3 Qf6 6. c3 Nge7 7. Be2 d6 8. O-O Qg6 9. Bf3 O-O 10. Nd2 a6 11. Bh5 Qf6 12. Nxc6 Nxc6 13. Bxc5 dxc5 14. f4 g6 15. Bg4 Rd8 16. Bxc8 Raxc8 17. Qe2 Qe7 18. Rae1 Re8 19. Qf2 Rcd8 20. e5 b6 21. Ne4 Kg7 22. Nf6 Rh8 23. Qf3 Qe6 24. g4 Ne7 25. b3 Rd2 26. f5 Qc6 27. Ne4 1-0

[Event "26th Klatovy B 2018"]
[Site "Klatovy CZE"]
[Date "2018.07.04"]
[Round "5.18"]
[White "Lener, Jaroslav 1975"]
[Black "Asatryan, Manvel"]
[Result "1-0"]
[WhiteElo "1792"]
[BlackElo "1574"]
[PlyCount "61"]
[EventDate "2018.06.30"]
[EventType "swiss"]
[EventRounds "9"]
[EventCountry "CZE"]

1. Nf3 Nf6 2. g3 g6 3. Bg2 Bg7 4. c4 O-O 5. Nc3 d5 6. cxd5 Nxd5 7. O-O Nxc3 8. dxc3 Nc6 9. Bf4 Qxd1 10. Rfxd1 e5 11. Be3 Be6 12. Ng5 Bc4 13. Kf1 h6 14. Bxc6 bxc6 15. b3 Ba6 16. Ne4 f5 17. Nc5 Bc8 18. f4 g5 19. Nd7 Bxd7 20. Rxd7 gxf4 21. gxf4 Rac8 22. fxe5 Bxe5 23. Kf2 Bxc3 24. Rg1+ Kh8 25. Rg6 Rf6 26. Rxh6+ Rxh6 27. Bxh6 Be5 28. h4 Kg8 29. Kf3 a6 30. Bf4 Bf6 31. h5 1-0

[Event "26th Klatovy B 2018"]
[Site "Klatovy CZE"]
[Date "2018.07.04"]
[Round "5.19"]
[White "Krupansky, Jaromir"]
[Black "Merinsky, Vaclav"]
[Result "1/2-1/2"]
[WhiteElo "1765"]
[BlackElo "1565"]
[PlyCount "90"]
[EventDate "2018.06.30"]
[EventType "swiss"]
[EventRounds "9"]
[EventCountry "CZE"]

1. e4 e5 2. Nf3 Nc6 3. Bc4 Bc5 4. b4 Bb6 5. a4 a6 6. a5 Ba7 7. c3 Nf6 8. Qb3 O-O 9. O-O d6 10. d3 Qe7 11. Nbd2 Bd7 12. Ba3 Rad8 13. Kh1 h6 14. Qc2 Be6 15. Rae1 Rfe8 16. Bxe6 Qxe6 17. Bb2 d5 18. exd5 Qxd5 19. Ne4 Nxe4 20. dxe4 Qd3 21. Qc1 Qc4 22. Nd2 Qd3 23. Nf3 Qc4 24. Kg1 Re6 25. Nh4 Rf6 26. Nf5 Rg6 27. g3 Kh7 28. Kg2 Qd3 29. Ba1 Rf6 30. Qd1 Qxd1 31. Rxd1 Rxd1 32. Rxd1 g6 33. Ne3 Bxe3 34. fxe3 Rd6 35. Rd5 f6 36. Kf2 Ne7 37. Rxd6 cxd6 38. c4 Kg7 39. Ke2 Kf7 40. Bc3 Ke6 41. b5 g5 42. g4 Ng6 43. Be1 Nf8 44. Kd3 Nd7 45. Ke2 Nc5 1/2-1/2

[Event "26th Klatovy B 2018"]
[Site "Klatovy CZE"]
[Date "2018.07.04"]
[Round "5.20"]
[White "Cyron, Karel"]
[Black "Soucek, Petr"]
[Result "1-0"]
[WhiteElo "1756"]
[BlackElo "1485"]
[PlyCount "120"]
[EventDate "2018.06.30"]
[EventType "swiss"]
[EventRounds "9"]
[EventCountry "CZE"]

1. e4 c5 2. Nf3 d6 3. d4 cxd4 4. Nxd4 Nf6 5. Nc3 a6 6. Be2 e6 7. O-O Be7 8. Kh1 O-O 9. f4 Qc7 10. Bf3 Nc6 11. a4 Nb4 12. Qe2 Rb8 13. Nb3 b6 14. Be3 Bb7 15. Qf2 Ba8 16. a5 b5 17. Bb6 Qc8 18. Rac1 d5 19. e5 Nd7 20. Be3 Qc7 21. Nd1 Rfc8 22. Nc3 Nc5 23. Rfd1 Nxb3 24. cxb3 Bc5 25. Ne2 Bxe3 26. Qxe3 Qxa5 27. f5 Qd8 28. fxe6 fxe6 29. Bg4 Qd7 30. Nd4 Re8 31. Qh3 Rb6 32. Rc5 Qf7 33. Rdc1 Bc6 34. Bxe6 Rxe6 35. Qxe6 Qxe6 36. Nxe6 Bd7 37. Ng5 g6 38. Rc7 Bf5 39. Nxh7 Nd3 40. Nf6+ Kf8 41. R1c6 Rxc6 42. Rxc6 Nxe5 43. Rxa6 Nd3 44. Nxd5 Nxb2 45. Rb6 Be4 46. Rxb5 Nd1 47. Kg1 Kg7 48. b4 Kh6 49. Rc5 Bxd5 50. Rxd5 Nc3 51. Ra5 Ne2+ 52. Kf1 Nd4 53. b5 Nb3 54. Ra7 Nd2+ 55. Ke2 Nc4 56. Ra6 Kg5 57. b6 Nd6 58. Ra7 Nb5 59. Ra5 Kg4 60. Rxb5 g5 1-0

[Event "26th Klatovy B 2018"]
[Site "Klatovy CZE"]
[Date "2018.07.04"]
[Round "5.21"]
[White "Kotal, Vit"]
[Black "Vavrinkova, Eliska"]
[Result "0-1"]
[WhiteElo "1464"]
[BlackElo "1746"]
[PlyCount "69"]
[EventDate "2018.06.30"]
[EventType "swiss"]
[EventRounds "9"]
[EventCountry "CZE"]

1. e4 d5 2. exd5 Qxd5 3. Nc3 Qd6 4. d4 Nf6 5. Nf3 a6 6. g3 Bg4 7. h3 Bh5 8. Bg2 Nc6 9. Bf4 Qb4 10. O-O O-O-O 11. a3 Qc4 12. Ne2 e5 13. b3 Qe6 14. Be3 Bxf3 15. Bxf3 Qxh3 16. Qd3 h5 17. Bg5 Nxd4 18. Nxd4 Rxd4 19. Bg2 Qe6 20. Qe2 Bc5 21. c3 Rd6 22. b4 Ba7 23. c4 Qf5 24. c5 Rd3 25. Bxf6 Rd4 26. Bxb7+ Kxb7 27. c6+ Ka8 28. Qxa6 Rb8 29. Be7 Rb6 30. Qa5 h4 31. Bc5 hxg3 32. fxg3 Qg4 33. Rf2 Qxg3+ 34. Kf1 Qh3+ 35. Rg2 0-1

[Event "26th Klatovy B 2018"]
[Site "Klatovy CZE"]
[Date "2018.07.04"]
[Round "5.22"]
[White "Chmelik, Benedikt"]
[Black "Leseticky, Vladimir"]
[Result "1-0"]
[WhiteElo "1475"]
[BlackElo "1730"]
[PlyCount "105"]
[EventDate "2018.06.30"]
[EventType "swiss"]
[EventRounds "9"]
[EventCountry "CZE"]

1. e4 e5 2. Nf3 d6 3. Nc3 Be7 4. Bc4 Nf6 5. h3 O-O 6. O-O c6 7. d3 d5 8. Bb3 d4 9. Ne2 Be6 10. Bg5 h6 11. Bh4 Nbd7 12. Qd2 Nc5 13. Ng3 Bd6 14. Nh5 Ncd7 15. Bxe6 fxe6 16. Nxf6+ Nxf6 17. c3 dxc3 18. bxc3 Qe8 19. Bg3 Qh5 20. Qc2 Nh7 21. d4 Ng5 22. Nxe5 Bxe5 23. Bxe5 Rf3 24. Bg3 Raf8 25. Rad1 Qf7 26. gxf3 Qxf3 27. Rd3 Qh5 28. f4 Nxh3+ 29. Kg2 Qg4 30. Rdf3 g5 31. f5 Nf4+ 32. Rxf4 gxf4 33. Rxf4 Qg7 34. Qf2 exf5 35. Rxf5 Re8 36. Re5 Rf8 37. Rf5 Re8 38. e5 Re6 39. Rf6 Rxf6 40. Qxf6 Qxf6 41. exf6 Kf7 42. Be5 b6 43. Kf3 b5 44. a3 a5 45. Ke4 Ke6 46. Kd3 h5 47. c4 b4 48. axb4 axb4 49. Kc2 h4 50. Kb3 h3 51. Kxb4 h2 52. Bxh2 Kxf6 53. Kc5 1-0

[Event "26th Klatovy B 2018"]
[Site "Klatovy CZE"]
[Date "2018.07.04"]
[Round "5.23"]
[White "Vilimek, Vit"]
[Black "Boucek, Vlastimil 1968"]
[Result "1-0"]
[WhiteElo "1448"]
[BlackElo "1715"]
[PlyCount "81"]
[EventDate "2018.06.30"]
[EventType "swiss"]
[EventRounds "9"]
[EventCountry "CZE"]

1. e4 e5 2. Nf3 d6 3. d4 Nd7 4. Nc3 c6 5. a4 a5 6. h3 Be7 7. Bc4 h6 8. b3 Qc7 9. O-O Ngf6 10. Re1 Nb6 11. Bf1 Nh7 12. Ne2 g5 13. Bb2 f6 14. Ng3 Be6 15. Nf5 Bxf5 16. exf5 h5 17. dxe5 O-O-O 18. exf6 Nxf6 19. Nxg5 Rdg8 20. Nf7 Rh7 21. Bxf6 Bxf6 22. Nxd6+ Kb8 23. Re8+ Rxe8 24. Nxe8 Qe5 25. Nxf6 Qxf6 26. Qc1 Rd7 27. Qf4+ Ka8 28. Re1 Qf8 29. Qe3 Qb4 30. Qe8+ Ka7 31. f6 Qf4 32. Qxh5 Rd5 33. Qg4 Qxf6 34. Bd3 Rg5 35. Qe2 Nd5 36. Be4 Nc3 37. Qf3 Qg7 38. Qe3+ Kb8 39. Bf3 Nd5 40. Bxd5 Rxd5 41. Qg3+ 1-0

[Event "26th Klatovy B 2018"]
[Site "Klatovy CZE"]
[Date "2018.07.04"]
[Round "5.24"]
[White "Zak, Jiri1"]
[Black "Pecka, Jan"]
[Result "0-1"]
[WhiteElo "1702"]
[BlackElo "1383"]
[PlyCount "100"]
[EventDate "2018.06.30"]
[EventType "swiss"]
[EventRounds "9"]
[EventCountry "CZE"]

1. Nf3 Nf6 2. g3 g6 3. b3 Bg7 4. Bb2 O-O 5. Bg2 d5 6. O-O c5 7. e3 Bd7 8. Re1 Bc6 9. Ne5 Re8 10. a4 Nbd7 11. Nxc6 bxc6 12. d4 Rb8 13. Nd2 e5 14. Rb1 cxd4 15. exd4 e4 16. c4 Nh5 17. cxd5 cxd5 18. Nf1 f5 19. f4 Nhf6 20. Ne3 Nf8 21. Bf1 Ne6 22. Bb5 Rf8 23. Ba3 Rf7 24. Bb2 Nc7 25. Bf1 Nfe8 26. Ba1 g5 27. fxg5 Qxg5 28. Bg2 h5 29. Kh1 Rb6 30. Bb2 Rg6 31. Qe2 Rgf6 32. Rf1 h4 33. Qe1 hxg3 34. Qxg3 Bh6 35. Nc2 f4 36. Qxg5+ Bxg5 37. Bc1 Kh7 38. Bh3 Rh6 39. Bg4 Kg6 40. Rg1 Nf6 41. Be2 Nh5 42. Bxh5+ Rxh5 43. Ne1 f3 44. Rxg5+ Rxg5 45. Bxg5 Kxg5 46. Nc2 Kf4 47. Re1 f2 48. Rf1 Kf3 49. Rc1 Ke2 50. Kg2 f1=Q+ 0-1

[Event "26th Klatovy B 2018"]
[Site "Klatovy CZE"]
[Date "2018.07.04"]
[Round "5.25"]
[White "Prazak, Daniel"]
[Black "Cipera, Josef"]
[Result "1/2-1/2"]
[WhiteElo "1364"]
[BlackElo "1688"]
[PlyCount "30"]
[EventDate "2018.06.30"]
[EventType "swiss"]
[EventRounds "9"]
[EventCountry "CZE"]

1. d4 Nf6 2. c4 g6 3. Nc3 Bg7 4. e4 d6 5. f3 O-O 6. Be3 Na6 7. Qd2 c5 8. d5 Ne8 9. g4 Qa5 10. h4 h5 11. gxh5 gxh5 12. Nge2 f5 13. Rg1 Kh7 14. Nf4 Rg8 15. Nxh5 Bxc3 1/2-1/2

[Event "26th Klatovy B 2018"]
[Site "Klatovy CZE"]
[Date "2018.07.04"]
[Round "5.26"]
[White "Kovar, Vaclav 1953"]
[Black "Juhanak, Daniel"]
[Result "1/2-1/2"]
[WhiteElo "1688"]
[BlackElo "1317"]
[PlyCount "30"]
[EventDate "2018.06.30"]
[EventType "swiss"]
[EventRounds "9"]
[EventCountry "CZE"]

1. d4 d5 2. c4 c6 3. cxd5 cxd5 4. Nc3 Nf6 5. Nf3 e6 6. Bg5 Be7 7. e3 O-O 8. Bd3 Qb6 9. Qc2 h6 10. Bh4 Nc6 11. a3 Bd7 12. O-O Rac8 13. Rac1 Na5 14. Ne5 Qd8 15. Qe2 Nc6 1/2-1/2

[Event "26th Klatovy B 2018"]
[Site "Klatovy CZE"]
[Date "2018.07.04"]
[Round "5.27"]
[White "Martinkova, Magdalena"]
[Black "Vavrousek, Petr"]
[Result "1/2-1/2"]
[WhiteElo "1186"]
[BlackElo "1686"]
[PlyCount "93"]
[EventDate "2018.06.30"]
[EventType "swiss"]
[EventRounds "9"]
[EventCountry "CZE"]

1. e4 c5 2. Nf3 Nc6 3. d4 cxd4 4. Nxd4 g6 5. c4 Bg7 6. Be3 Nf6 7. Nc3 Ng4 8. Qxg4 Nxd4 9. Qd1 Ne6 10. Qd2 d6 11. Be2 Bd7 12. O-O Rc8 13. b3 Qa5 14. Rac1 Bc6 15. Nd5 Qxd2 16. Bxd2 Nd4 17. Bg4 f5 18. exf5 gxf5 19. Bh5+ Kd7 20. Rfe1 e6 21. Nf4 Be5 22. c5 Rhg8 23. cxd6 Bxf4 24. Bxf4 Rxg2+ 25. Kf1 Rgg8 26. Bg3 Bb5+ 27. Kg1 Rxc1 28. Rxc1 Bc6 29. Kf1 Rg5 30. Be2 Nxe2 31. Kxe2 Rg4 32. f3 Rd4 33. Ke3 Rd5 34. b4 e5 35. f4 e4 36. Rc5 Kxd6 37. Rxd5+ Kxd5 38. Be1 Kc4 39. Bd2 Bd5 40. a4 Kb3 41. a5 Kc2 42. Be1 Kc1 43. Bd2+ Kd1 44. Bc3 Kc2 45. Be1 Kc1 46. Bd2+ Kd1 47. Bc3 1/2-1/2

[Event "26th Klatovy B 2018"]
[Site "Klatovy CZE"]
[Date "2018.07.04"]
[Round "5.28"]
[White "Gorej, Vojtech"]
[Black "Sova, Zdenek"]
[Result "0-1"]
[WhiteElo "1633"]
[BlackElo "1682"]
[PlyCount "44"]
[EventDate "2018.06.30"]
[EventType "swiss"]
[EventRounds "9"]
[EventCountry "CZE"]

1. e4 c5 2. Nf3 e6 3. d4 cxd4 4. Nxd4 a6 5. Bd3 Qc7 6. Qe2 b5 7. O-O Bc5 8. Nb3 Ne7 9. Bd2 Ng6 10. Kh1 O-O 11. f4 f5 12. e5 Bb7 13. a3 Be7 14. Bb4 Nc6 15. Bxe7 Ncxe7 16. Nc3 Nh4 17. Rf2 Neg6 18. Rg1 Rac8 19. Nd2 Bc6 20. Nf3 Nxf4 21. Qe3 Nxf3 22. gxf3 Nh3 0-1

[Event "26th Klatovy B 2018"]
[Site "Klatovy CZE"]
[Date "2018.07.04"]
[Round "5.29"]
[White "Skutil, Frantisek"]
[Black "Privoznik, Lubos"]
[Result "1/2-1/2"]
[WhiteElo "1336"]
[BlackElo "1665"]
[PlyCount "64"]
[EventDate "2018.06.30"]
[EventType "swiss"]
[EventRounds "9"]
[EventCountry "CZE"]

1. Nf3 d5 2. c4 Nf6 3. g3 dxc4 4. Na3 b6 5. Nxc4 Bb7 6. Bg2 c5 7. O-O e6 8. b3 Be7 9. Bb2 O-O 10. Qc2 Nbd7 11. d3 Qc7 12. Rfd1 Ng4 13. Rac1 b5 14. Ncd2 Qb6 15. h3 Ndf6 16. Ne4 Nxe4 17. dxe4 Rfd8 18. Rd2 Rac8 19. Rcd1 Nf6 20. Rxd8+ Rxd8 21. Nd2 a5 22. Ba3 b4 23. Bb2 Ba6 24. e3 Bd3 25. Qc1 Qc7 26. e5 Nd5 27. Nc4 Bxc4 28. Qxc4 Nb6 29. Rxd8+ Qxd8 30. Qc2 Qc7 31. Bf1 Qc6 32. Be2 Bf8 1/2-1/2

[Event "26th Klatovy B 2018"]
[Site "Klatovy CZE"]
[Date "2018.07.04"]
[Round "5.30"]
[White "Stvan, Marek"]
[Black "Matejicek, Vojtech"]
[Result "0-1"]
[WhiteElo "1637"]
[BlackElo "1393"]
[PlyCount "32"]
[EventDate "2018.06.30"]
[EventType "swiss"]
[EventRounds "9"]
[EventCountry "CZE"]

1. e4 c5 2. Nf3 Nc6 3. d4 cxd4 4. Nxd4 e5 5. Nb3 Nf6 6. Bg5 Be7 7. N1d2 d5 8. exd5 Nxd5 9. Bxe7 Qxe7 10. Bb5 O-O 11. O-O Bf5 12. Nc4 Rad8 13. Qe2 Nf4 14. Qe3 Bh3 15. gxh3 Qg5+ 16. Kh1 Qg2# 0-1

[Event "26th Klatovy B 2018"]
[Site "Klatovy CZE"]
[Date "2018.07.04"]
[Round "5.31"]
[White "Beran, Jakub"]
[Black "Svejdar, Pavel"]
[Result "1-0"]
[WhiteElo "1349"]
[BlackElo "1614"]
[PlyCount "95"]
[EventDate "2018.06.30"]
[EventType "swiss"]
[EventRounds "9"]
[EventCountry "CZE"]

1. c4 c5 2. Nc3 Nc6 3. g3 g6 4. Bg2 Bg7 5. Nf3 Nf6 6. O-O O-O 7. e3 d6 8. d4 cxd4 9. exd4 Bg4 10. Bf4 e5 11. dxe5 Nxe5 12. Bxe5 Bxf3 13. Bxf6 Qxf6 14. Qxf3 Qd4 15. Qd5 Qb6 16. Qxb7 Qxb7 17. Bxb7 Rab8 18. Bd5 Rxb2 19. Rac1 Re8 20. Nb5 Be5 21. Nxa7 Rxa2 22. Nb5 Rd8 23. Rfe1 Kg7 24. Rcd1 Rb2 25. Bg2 Rc8 26. Bf1 Rc6 27. Bg2 Ra6 28. Bf1 Raa2 29. Nxd6 Bxd6 30. Rxd6 Rxf2 31. c5 Rxh2 32. c6 Rhc2 33. Re7 Ra3 34. Re2 Rxg3+ 35. Kf2 Rcc3 36. c7 Rgf3+ 37. Kg2 Rg3+ 38. Kh2 Rg5 39. Rd7 Rh5+ 40. Kg2 Rg5+ 41. Kf2 Rf5+ 42. Kg1 Rg5+ 43. Bg2 Rc1+ 44. Kf2 Rf5+ 45. Bf3 Rc3 46. Re3 Rc2+ 47. Ke1 Rf6 48. Bb7 1-0

[Event "26th Klatovy B 2018"]
[Site "Klatovy CZE"]
[Date "2018.07.04"]
[Round "5.32"]
[White "Mareska, Daniel"]
[Black "Filip, Petr 1952"]
[Result "1-0"]
[WhiteElo "1697"]
[BlackElo "1354"]
[PlyCount "77"]
[EventDate "2018.06.30"]
[EventType "swiss"]
[EventRounds "9"]
[EventCountry "CZE"]

1. Nf3 Nf6 2. e3 g6 3. d4 Bg7 4. c4 O-O 5. Nc3 d6 6. g3 Bd7 7. Bg2 c6 8. O-O Qc8 9. Re1 Bh3 10. Bh1 Nbd7 11. Qc2 Re8 12. b3 e5 13. dxe5 dxe5 14. Bb2 Nc5 15. b4 Bf5 16. e4 Ncxe4 17. Nxe4 Ng4 18. Qe2 Qc7 19. Rad1 Qb6 20. Nd6 Red8 21. Nxf5 gxf5 22. h3 Nh6 23. a3 a5 24. c5 Qc7 25. Bxe5 Bxe5 26. Qxe5 Qc8 27. Qf6 Rxd1 28. Rxd1 f4 29. Qxh6 fxg3 30. fxg3 axb4 31. axb4 Qf5 32. Qg5+ Qxg5 33. Nxg5 Ra3 34. Kf2 Rb3 35. Rd4 Kg7 36. Ne4 Kg6 37. Nd6 Rb2+ 38. Kf3 Rb3+ 39. Kf4 1-0

[Event "26th Klatovy B 2018"]
[Site "Klatovy CZE"]
[Date "2018.07.04"]
[Round "5.33"]
[White "Roskovec, Bedrich"]
[Black "Janous, Marek"]
[Result "1/2-1/2"]
[WhiteElo "1641"]
[BlackElo "1394"]
[PlyCount "45"]
[EventDate "2018.06.30"]
[EventType "swiss"]
[EventRounds "9"]
[EventCountry "CZE"]

1. e4 c5 2. Nc3 e6 3. g3 Nc6 4. Bg2 a6 5. d3 d6 6. Nge2 Be7 7. O-O Nf6 8. Bd2 O-O 9. Nf4 Qb6 10. Rb1 Qc7 11. a3 Rb8 12. Nh3 b5 13. Ng5 h6 14. Nh3 Bb7 15. Nf4 Nd4 16. Nfe2 Rfc8 17. Rc1 Nxe2+ 18. Nxe2 a5 19. Qe1 b4 20. axb4 axb4 21. b3 Qb6 22. Nf4 Qc7 23. Ra1 1/2-1/2

[Event "26th Klatovy B 2018"]
[Site "Klatovy CZE"]
[Date "2018.07.04"]
[Round "5.34"]
[White "Fekete, Frantisek 1941"]
[Black "Vavrinkova, Jitka"]
[Result "1/2-1/2"]
[WhiteElo "1383"]
[BlackElo "1637"]
[PlyCount "27"]
[EventDate "2018.06.30"]
[EventType "swiss"]
[EventRounds "9"]
[EventCountry "CZE"]

1. e4 e6 2. d4 d5 3. e5 c5 4. c3 Nc6 5. Nf3 Qb6 6. Bd3 Bd7 7. dxc5 Bxc5 8. O-O f6 9. b4 Be7 10. Bf4 fxe5 11. Nxe5 Nf6 12. Nd2 Nxe5 13. Bxe5 O-O 14. Qe2 1/2-1/2

[Event "26th Klatovy B 2018"]
[Site "Klatovy CZE"]
[Date "2018.07.04"]
[Round "5.35"]
[White "Koci, Milos"]
[Black "Svec, Vitezslav"]
[Result "1/2-1/2"]
[WhiteElo "1345"]
[BlackElo "1632"]
[PlyCount "136"]
[EventDate "2018.06.30"]
[EventType "swiss"]
[EventRounds "9"]
[EventCountry "CZE"]

1. d4 d5 2. Bf4 e6 3. Nf3 Nf6 4. e3 Bd6 5. Nbd2 Bxf4 6. exf4 O-O 7. g3 Nbd7 8. Bg2 b6 9. O-O Bb7 10. Ne5 c5 11. Ndf3 Ne4 12. c3 Ndf6 13. a3 Rc8 14. Re1 Rc7 15. Qa4 Ba8 16. Rad1 Nd6 17. Nd2 cxd4 18. Qxd4 Nd7 19. Ndf3 Nc4 20. Nxc4 Rxc4 21. Qd3 Qf6 22. Ng5 Qg6 23. Qxg6 hxg6 24. Nf3 Rfc8 25. Rd4 b5 26. Ne5 Nxe5 27. Rxe5 Rxd4 28. cxd4 Rc1+ 29. Bf1 Rd1 30. Re3 Rxd4 31. Bxb5 Rd1+ 32. Bf1 d4 33. Rd3 Rxd3 34. Bxd3 Kf8 35. Kf1 Ke7 36. Ke1 Kd6 37. b4 e5 38. fxe5+ Kxe5 39. f4+ Kd6 40. Kd2 Bc6 41. Bc4 Bd5 42. Kd3 Bxc4+ 43. Kxc4 d3 44. Kxd3 Kd5 45. a4 a6 46. Kc3 f6 47. Kd3 g5 48. fxg5 fxg5 49. Kc3 g4 50. b5 axb5 51. axb5 Kc5 52. Kd3 Kxb5 53. Ke4 Kc6 54. Kf5 Kd6 55. Kxg4 Ke6 56. Kg5 Kf7 57. h4 Kg8 58. g4 Kh8 59. h5 Kh7 60. Kf5 Kh6 61. Kf4 g6 62. hxg6 Kxg6 63. g5 Kg7 64. Kf5 Kf7 65. g6+ Kg7 66. Kg5 Kg8 67. Kf6 Kf8 68. g7+ Kg8 1/2-1/2

[Event "26th Klatovy B 2018"]
[Site "Klatovy CZE"]
[Date "2018.07.04"]
[Round "5.36"]
[White "Svec, Ludek"]
[Black "Day, Tobias"]
[Result "0-1"]
[WhiteElo "1618"]
[BlackElo "1287"]
[PlyCount "146"]
[EventDate "2018.06.30"]
[EventType "swiss"]
[EventRounds "9"]
[EventCountry "CZE"]

1. d4 f5 2. g3 Nf6 3. Bg2 g6 4. c4 Bg7 5. Nc3 d6 6. Nf3 O-O 7. O-O Qe8 8. d5 Na6 9. Nd4 Bd7 10. a3 h6 11. Rb1 g5 12. b4 Qh5 13. e3 Qg6 14. Bb2 f4 15. Ne6 Bxe6 16. dxe6 Rab8 17. Nd5 Nxd5 18. cxd5 Bxb2 19. Rxb2 Qf6 20. Rc2 f3 21. Bh3 h5 22. Re1 Kg7 23. Bf1 Rbc8 24. e4 Rh8 25. Re3 g4 26. h4 Nb8 27. b5 c6 28. Rec3 Rc7 29. Qc1 c5 30. b6 axb6 31. Rb3 Na6 32. Rxb6 c4 33. Qf4 Rf8 34. Qxf6+ Kxf6 35. Rb1 Nc5 36. Rxc4 Rcc8 37. Rcb4 Ra8 38. a4 b6 39. Bb5 Rfb8 40. Rd4 Ke5 41. Rbb4 Ra5 42. Kf1 Ra7 43. Ke1 Ra5 44. Kd1 Ra7 45. Kd2 Ra5 46. Ke3 Ra7 47. Rdc4 Ra5 48. Rb1 Ra7 49. Bc6 Ra5 50. Rcb4 Ra6 51. Bb5 Ra7 52. Bc6 Ra6 53. Bd7 Nxd7 54. exd7 Rd8 55. Rxb6 Rxa4 56. Rb7 Rxe4+ 57. Kd3 Rd4+ 58. Ke3 Rxd5 59. Ra1 Ke6 60. Raa7 Rd1 61. Rb5 Re1+ 62. Kd3 Re5 63. Rbb7 Re2 64. Rb5 d5 65. Rb6+ Kf7 66. Rc6 e6 67. Rc8 Ke7 68. Raa8 Rxd7 69. Rh8 Rc7 70. Rh7+ Kd6 71. Rxh5 Rxf2 72. Ra4 Rfc2 73. Rf4 R7c3+ 0-1

[Event "26th Klatovy B 2018"]
[Site "Klatovy CZE"]
[Date "2018.07.04"]
[Round "5.37"]
[White "Kirs, Pavel"]
[Black "Skopkova, Marcela"]
[Result "1-0"]
[WhiteElo "1579"]
[BlackElo "1245"]
[PlyCount "55"]
[EventDate "2018.06.30"]
[EventType "swiss"]
[EventRounds "9"]
[EventCountry "CZE"]

1. e4 e6 2. d4 d5 3. Nd2 dxe4 4. Nxe4 Nf6 5. Bd3 b6 6. Nf3 Be7 7. c3 Bb7 8. Qe2 Nxe4 9. Bxe4 Bxe4 10. Qxe4 Qd5 11. Qc2 O-O 12. O-O Nd7 13. c4 Qh5 14. Re1 Rfe8 15. b3 c5 16. Be3 Rad8 17. Rad1 Qg6 18. Qc1 cxd4 19. Nxd4 Nc5 20. Nc6 Ra8 21. Nxe7+ Rxe7 22. Bxc5 bxc5 23. Rd6 Rc7 24. Red1 h6 25. Qd2 Qf6 26. Qe1 Qb2 27. Qe4 Rac8 28. Rd8+ 1-0

[Event "26th Klatovy B 2018"]
[Site "Klatovy CZE"]
[Date "2018.07.04"]
[Round "5.38"]
[White "Krejbich, Lukas"]
[Black "Novy, Jan"]
[Result "0-1"]
[WhiteElo "1299"]
[BlackElo "1516"]
[PlyCount "60"]
[EventDate "2018.06.30"]
[EventType "swiss"]
[EventRounds "9"]
[EventCountry "CZE"]

1. e4 d5 2. f3 dxe4 3. fxe4 e5 4. Nc3 a6 5. Nf3 Nc6 6. d3 Bc5 7. Bd2 Bg4 8. Qe2 Nd4 9. Qd1 Bxf3 10. Ne2 Bh5 11. c3 Nf3+ 12. gxf3 Bxf3 13. Qa4+ b5 14. Qb3 Bxh1 15. O-O-O Bf3 16. c4 b4 17. Re1 Qd7 18. h3 Bf2 19. Rd1 Nf6 20. Qxb4 c5 21. Qa5 O-O 22. Kb1 Rfb8 23. b3 Bxe2 24. Bxe2 Qxh3 25. Bg5 Ng4 26. Qc7 Nf6 27. Rf1 h6 28. Bc1 Rf8 29. Bb2 Qe3 30. Bh5 Qxd3+ 0-1